000 02458cam a22005537a 4500
001 5696556
003 LIBRIS
005 20210420064631.0
008 011211s1989 xxu||||||b||||001 0beng|c
020 _a0805011994
_cCIP rev.
040 _aL
_ea
_cDLC
041 _aeng
080 _a821.111
_bL-62
082 4 _a822.3
_b3
_220
082 4 _a822.3
_b3
_220
084 _aG
_2kssb
084 _aG
_2kssb
100 1 _aLevi, Peter,
_d1931-2000
245 0 4 _aThe life and times of William Shakespeare /
_cPeter Levi.
250 _a1. American ed
264 1 _aNew York :
_bH. Holt,
_c1989
300 _axxiii, 392 p.
_bill., maps
_c24 cm.
340 _b24 cm.
500 _aMaps on lining paper
504 _aBibliography: p. 385-387.
504 _aIncludes index
600 1 0 _aDramatists, English--
_yEarly modern, 1500-1700
_xBiography
600 1 4 _aShakespeare, William,
_d1564-1616
_0https://libris.kb.se/vs689q5d2cm6xlc#it
600 1 4 _aShakespeare, William
650 0 _9254
_aEnglish literature
653 _aინგლისური ლიტერატურა
887 _a{"@id":"vc5zv5p62rf7hdb","modified":"2018-10-30T23:00:00+01:00","checksum":"101360217465"}
_2librisxl
887 _a{"@id":"qv1nn47w4t2km62","modified":"2018-06-05T18:13:52.646+02:00","checksum":"55279568770"}
_2librisxl
900 1 s _6600
_d1564-1616
_uShakespeare, William,
_d1564-1616
900 1 s _6600
_d1564-1616
_uShakespeare, William,
_d1564-1616
900 1 s _6600
_d1564-1616
_uShakespeare, William,
_d1564-1616
900 1 s _6600
_d1564-1616
_uShakespeare, William,
_d1564-1616
900 1 s _6600
_d1564-1616
_uShakespeare, William,
_d1564-1616
900 1 s _6600
_d1564-1616
_uShakespeare, William,
_d1564-1616
900 1 s _6600
_d1564-1616
_uShakespeare, William,
_d1564-1616
900 1 s _6600
_d1564-1616
_uShakespeare, William,
_d1564-1616
900 1 s _6600
_d1564-1616
_uShakespeare, William,
_d1564-1616
900 1 s _6600
_d1564-1616
_uShakespeare, William,
_d1564-1616
900 1 s _6600
_d1564-1616
_uShakespeare, William,
_d1564-1616
900 1 s _6600
_d1564-1616
_uShakespeare, William,
_d1564-1616
942 _2udc
_cBK
999 _c499
_d499